ز ا د سفر (Record no. 169892)

MARC details
000 -LEADER
fixed length control field 00589nam a22001937a 4500
005 - DATE AND TIME OF LATEST TRANSACTION
control field 20191206170026.0
010 ## - LCCN (DPL NO)
LC control number 994465
020 ## - INTERNATIONAL STANDARD BOOK NUMBER
Terms of availability N.A.
International Standard Book Number -
035 ## - SYSTEM CONTROL NUMBER
System control number 994465
037 ## - SOURCE OF ACQUISITION
Source of stock number/acquisition BPPD
082 ## - DEWEY DECIMAL CLASSIFICATION NUMBER
Classification number 270.61
100 ## - MAIN ENTRY--PERSONAL NAME
Personal name ا متہ اللہ تسنيم مر حو مہ
245 ## - TITLE STATEMENT
Title ز ا د سفر
Statement of responsibility, etc ا متہ اللہ تسنيم مر حو مہ
246 ## - VARYING FORM OF TITLE
Title proper/short title Zade Safar
Remainder of title by Umat Ulah Tasneem
260 ## - PUBLICATION, DISTRIBUTION, ETC. (IMPRINT)
Place of publication, distribution, etc Lucknow
Date of publication, distribution, etc 1979 ء
Name of publisher, distributor, etc Maktaba-e-Islam
270 ## - ADDRESS
Address Goyan Road
City Lucknow
Telephone number -
Postal code 226001
300 ## - PHYSICAL DESCRIPTION
Extent 376 ص
Dimensions 22 cm(hb)
942 ## - ADDED ENTRY ELEMENTS (KOHA)
Source of classification or shelving scheme Dewey Decimal Classification
Item type Urdu Bks
Classification part 270.61
Call number suffix ن و و
Holdings
Withdrawn status Lost status Not for loan Collection code Home library Current library Date acquired Source of acquisition Cost, normal purchase price Full call number Barcode Copy number Cost, replacement price Koha item type
    Ordered Non-fiction Central Library Central Library 06/12/2019 BPPD/Ven. 0.00 270.61 ن و و 994465 1 0.00 Urdu Bks

© Delhi Public Library
Hit Counter
free hit counter